Administración de organizaciones (Registro nro. 2354)

Detalles MARC
000 -LEADER
fixed length control field 01454 a2200229 4500
001 - CONTROL NUMBER
control field 33458
005 - DATE AND TIME OF LATEST TRANSACTION
control field 20260407155626.0
008 - FIXED-LENGTH DATA ELEMENTS--GENERAL INFORMATION
fixed length control field 260407a1993 arg spa d
003 - CONTROL NUMBER IDENTIFIER
control field AR-UNSa-BCEJYS
040 ## - CATALOGING SOURCE
Original cataloging agency AR-UNSa-BCEJYS
Language of cataloging spa
Transcribing agency AR-UNSa-BCEJYS
080 ## - UNIVERSAL DECIMAL CLASSIFICATION NUMBER
Universal Decimal Classification number 658
Common auxiliary subdivision Administración de empresas. Organización comercial
020 ## - INTERNATIONAL STANDARD BOOK NUMBER
International Standard Book Number 950-791-004-2
041 ## - LANGUAGE CODE
Language code of text/sound track or separate title spa
100 1# - MAIN ENTRY--PERSONAL NAME
Personal name Solana, Ricardo F.
245 10 - TITLE STATEMENT
Title Administración de organizaciones
Name of part/section of a work en el umbral del tercer milenio
264 #1 - PRODUCTION, PUBLICATION, DISTRIBUTION, MANUFACTURE, AND COPYRIGHT NOTICE
Place of production, publication, distribution, manufacture Buenos Aires :
Name of producer, publisher, distributor, manufacturer Ediciones Interoceánicas
Date of production, publication, distribution, manufacture, or copyright notice 1993
300 ## - PHYSICAL DESCRIPTION
Extent 502 p.
Dimensions 24 cm.
505 ## - FORMATTED CONTENTS NOTE
Formatted contents note I. Organizaciones: 1. Las organizaciones - 2. El comportamiento organizacional - 3. Los objetivos - II. Administración: 4. Los fundamentos de la administración - 5. Evaluación de las ideas en administración - III. Procesos: 7. La decisión - 8. El planeamiento - 9. La influencia y la ejecución - 10. La información y el control - IV. Estructura: 11. La estructura organizacional - 12. La función comercial - 13. La función producción - 14. La función finanzas y control - 15. La función personal - 16. Cambio y desarrollo organizacional - V. Perspectiva : 17. La administración en latinoamérica - 18. El futuro de la administración - 19. Las carreras profesionales en administración.
590 ## - LOCAL NOTE (RLIN)
Local note niveau_biblio:m niveau_hierar:0
856 41 - ELECTRONIC LOCATION AND ACCESS
Uniform Resource Identifier <a href="https://170.210.207.44/pmb/images/libros/L125631.jpg">https://170.210.207.44/pmb/images/libros/L125631.jpg</a>
Link text Imagen de portada
Electronic format type image/jpeg
942 ## - ADDED ENTRY ELEMENTS (KOHA)
Koha item type
Existencias
Withdrawn status Lost status Damaged status Not for loan Home library Current library Shelving location Date acquired Total checkouts Full call number Barcode Date last seen Price effective from Koha item type
        Biblioteca Prof. Eusebio Cleto del Rey Biblioteca Prof. Eusebio Cleto del Rey   07/04/2026   658 S684a L85248 07/04/2026 07/04/2026 Libro
        Biblioteca Prof. Eusebio Cleto del Rey Biblioteca Prof. Eusebio Cleto del Rey   07/04/2026   658 S684a L85247 07/04/2026 07/04/2026 Libro
        Biblioteca Prof. Eusebio Cleto del Rey Biblioteca Prof. Eusebio Cleto del Rey   07/04/2026   658 S684a L70150 07/04/2026 07/04/2026 Libro
        Biblioteca Prof. Eusebio Cleto del Rey Biblioteca Prof. Eusebio Cleto del Rey   07/04/2026   658 S684a L125631 07/04/2026 07/04/2026 Libro